| 000 | 00811nam a2200253 a 4500 | ||
|---|---|---|---|
| 001 | 388 | ||
| 003 | BR-CuiBMT | ||
| 005 | 20231103144150.0 | ||
| 008 | 231103s2019 mgb 000 0 por d | ||
| 020 | _a9788545006527 | ||
| 040 |
_aBR-CuiBMT _cBR-CuiBMT |
||
| 080 |
_22007 _a346.24:35 |
||
| 090 |
_a346.24:35 _bC732 |
||
| 245 | 1 | 0 |
_aComentários à lei das estatais (Lei n° 13.303/2016) / _cBernardo Strobel Guimarães, Leonardo Coelho Ribeiro; autores ... et al. |
| 260 |
_aBelo Horizonte : _bFórum, _c2019. |
||
| 300 |
_a477 p.: _c22 cm |
||
| 504 | _aInclui bibliografia. | ||
| 650 | _aEmpresas estatais | ||
| 650 | _aAdministração pública | ||
| 650 | _aContas públicas | ||
| 650 | _aDireito administrador sancionador | ||
| 700 |
_4Autores _aGuimarães, Bernardo Strobel _eet al. |
||
| 942 |
_2udc _cLV |
||
| 999 |
_c388 _d388 |
||